00722nam a2200193Ia 4500001001000000003000500010008004100015010001100056040000900067100003100076245016700107260003400274300001000308502008700318650003000405650001300435650002700448710005300475Para_1387CHAP220125s1999 xx 000 0 und d a200095 cCHAP aCandia Aranda, Ana María aEtiología de la pudrición del tallo del alcatraz (Zantendeschia pentlandii), en Xochimilco, DF. y Texcoco, Edo. de México /c por Ana María Candia Aranda aChapingo Méx. :b El autor a35 h. aTesis (Ing. Agr. Esp. en Parasitología Agrícola), UACh. Depto. Parasitología aAlcatraz x enfermedades  aAraceae  aFlores x enfermedades aUACh. Departamento de Parasitología Agrícola